Statistics for Marvel Villains Starting with Z (by picture)

Click here to take the quiz!

General Stats

  • This quiz has been taken 9 times
  • The average score is 3 of 7

Answer Stats

Answer% Correct
Zzzax
100%
Zaladane
38%
Zaran
38%
Zeitgeist
38%
Zanda
25%
Zapata Brothers
25%
Zarrko the Tomorrow Man
25%

Score Distribution

Percentile by Number Answered

Percent of People with Each Score

Your Score History

You have not taken this quiz